[Event "POL-chT3 Kujawsko-Pomorskie 2223"]
[Site "Poland"]
[Date "2023.??.??"]
[Round "4.28"]
[White "Dobrzanski, Kazimierz"]
[Black "Jarosz, Piotr"]
[Result "1/2-1/2"]
[WhiteElo "1679"]
[BlackElo "1597"]
[PlyCount "73"]
[EventDate "2022.11.13"]
[EventType "team-swiss"]
[EventRounds "7"]
[EventCountry "POL"]
[SourceTitle "EXT 2024"]
[Source "ChessBase"]
[SourceDate "2023.10.10"]
[SourceVersion "1"]
[SourceVersionDate "2023.10.10"]
[SourceQuality "1"]

1. e4 e5 2. Nf3 Nc6 3. Bb5 Nf6 4. 0-0 Nxe4 5. Re1 Nd6 6. Nxe5 Nxe5 7. Rxe5+ Be7 8. Nc3 0-0 9. d4 Bf6 10. Re1 Nf5 11. Be3 c6 12. Bd3 d5 13. Bxf5 Bxf5 14. Qd2 Qd7 15. Ne2 Rfe8 16. Ng3 Bg6 17. c3 h6 18. h3 Re6 19. Bf4 Rae8 20. Rxe6 Rxe6 21. Re1 b6 22. Rxe6 Qxe6 23. Qe3 Be7 24. Qxe6 fxe6 25. b4 a5 26. a3 axb4 27. axb4 Bd3 28. Be5 g6 29. f4 c5 30. bxc5 bxc5 31. Kf2 c4 32. Bc7 Kf7 33. Ke3 h5 34. Ne2 h4 35. Ng1 Be4 36. Nf3 Ke8 37. Ba5 1/2-1/2